Tactical handling of Lewis guns with notes on instruction
Uloženo v:
| Hlavní autor: | |
|---|---|
| Médium: | Kniha |
| Jazyk: | španělština |
| Vydáno: |
Londres
Two Shillings
1918
|
| Témata: | |
| Tagy: |
Přidat tag
Žádné tagy, Buďte první, kdo vytvoří štítek k tomuto záznamu!
|
MARC
| LEADER | 00000nam a2200000 a 4500 | ||
|---|---|---|---|
| 001 | UCP8030 | ||
| 003 | CL-VaPUC | ||
| 008 | 000106e19180000UK |||||||||||||||||spa|d | ||
| 082 | 0 | 4 | |a 355.547 |b GUN |2 21 |
| 100 | 0 | |a Gunner, Lewis |e author |9 437838 | |
| 245 | 1 | 0 | |a Tactical handling of Lewis guns with notes on instruction |
| 300 | |a 104 p | ||
| 942 | |c BK | ||
| 945 | |d 20000106 00:00:00 |a crobeson | ||
| 260 | |a Londres |b Two Shillings |c 1918 | ||
| 650 | 0 | |a Armas de fuego |9 328333 | |
| 650 | 7 | |a EQUIPO MILITAR |2 CL-VaPUC |9 378953 | |
| 650 | 7 | |a ENTRENAMIENTO MILITAR |2 CL-VaPUC |9 315334 | |
| 583 | |a last modification |c 20000106 00:00:00 |k Rodrigo Vera | ||
| 999 | |c 285065 |d 285063 | ||
| 952 | |0 0 |1 0 |4 0 |6 355_547000000000000_GUN_1918 |7 0 |8 X |9 329432 |a BIBHIS |b BIBHIS |d 2019-11-20 |i 1374508 |o 355.547 GUN 1918 |p 1374508 |r 2024-01-30 |w 2019-11-20 |y BK_X |k HIS | ||